Corpus linguistics: method, theory and practice

Sparad:
Bibliografiska uppgifter
Huvudupphovsmän: McEnery, Tony (autor), Hardie, Andrew (Författare, medförfattare)
Materialtyp: Bok
Språk:engelska
Publicerad: Cambridge Cambridge University Press 2012
Upplaga:1a. ed
Serie:Cambridge Textbooks in Linguistics
Ämnen:
Taggar: Lägg till en tagg
Inga taggar, Lägg till första taggen!

MARC

LEADER 00000cam a2200000 a 4500
001 UCG8613
003 CL-VaPUC
008 111223e20120000UK |||||||||||||||||eng|d
020 |a 9780521547369 
082 0 4 |a 410.1  |b MCE  |2 21 
100 |a McEnery, Tony  |e autor  |9 601889 
700 0 |a Hardie, Andrew  |e author  |9 559712 
245 1 0 |a Corpus linguistics: method, theory and practice 
250 |a 1a. ed 
300 |a 294 p 
942 |c BK 
945 |d 20111223 00:00:00  |a cmena 
260 |a Cambridge  |b Cambridge University Press  |c 2012 
650 7 |a LINGUISTICA COMPUTACIONAL  |2 CL-VaPUC  |9 559713 
650 0 |a Análisis del discurso  |9 256696 
650 0 |a Investigación lingüística  |9 329785 
650 0 |a Programación de computadores   |9 259531 
583 |a last modification  |c 20111223 12:06:00  |k Rodrigo Vera 
490 0 |a Cambridge Textbooks in Linguistics 
999 |c 346217  |d 346215 
952 |0 0  |1 0  |4 0  |6 410_100000000000000_MCE_2012  |7 0  |8 A  |9 446831  |a FDOPOS  |b FDOPOS  |d 2019-11-22  |i 4818393  |o 410.1 MCE 2012  |p 4818393  |r 2025-01-22  |w 2019-11-22  |y BK  |k DLA